000 01141njm a22002537a 4500
005 2010090809459.0
006 a|||||r|||||00| 0
007 sd ammalaaahaa
008 100907t xxu||||| |||| 00| 0 eng d
028 _aGE 33580
_bColumbia
035 _aGR-01294
100 _aMangeshkar, Lata
_918693
245 _aPooja ke phool /
_cby Lata Mangeshkar; music by Madan Mohan; lyrics by Rajendra Krishan
_h[Sound recording]
246 _aपूजा के फूल / लता मंगेशकर द्वारा
260 _aDum Dum, India
_bColumbia
300 _a1 sound disc [Gramophone Recording]
_banalog, 33 1/3rpm ;
_c9.5 in. (MP)
_fGramaphone Records
500 _aBrief record
505 _aSide-1 मेरी आँखों से कोई (Meri ankhon se koi) (Lata Mangeshkar) --Side-2 दिल तोडना किसी का (Dil todna kisi ka) (Lata Mangeshkar)
650 _aClassical music
_xExcerpts
_zIndia
_918694
700 _aMadan Mohan
_918716
700 _aRajendra Krishan
_919005
942 _2ddc
_cGR
999 _c44602
_d44602